Songs that start with O by lyrics - Statistics

General Stats
  • This quiz has been taken 22 times
  • The average score is 6 of 25
Answer Stats
Hint Answer % Correct
"Call me a relic, call me what you will. Say I'm old-fashioned, that I'm over the hill."(Bob Seger) Old Time Rock n Roll
48%
"Riding on a tractor, lean all in my bladder."(Lil Nas X feat. Billy Ray Cyrus) Old Town Road
48%
"I've been searching for the daughter of the devil himself. I've been searching for an angel in white "(The Eagles) One of These Nights
43%
"Mother's tired she needs a rest. The kids are playing up downstairs." (Madness) Our House
43%
"Living without you, living alone. This empty house feels so cold."(Journey) Open Arms
33%
"I turned on the lights, the TV, and the radio. Still I can't escape the ghost of you." (Duran Duran) Ordinary World
33%
"Be yourself. Give your free will a chance. You've got to want to succeed."(Yes) Owner of a Lonely Heart
33%
"Let's join together to fight this holy battle, so when the man comes there will be no, no doom."(Bob Marley) One Love
29%
"And I know you're shining down on me from Heaven. Like so many friends we lost along the way." (Mariah Carey and Boyz2Men) One Sweet Day
29%
"Want you to take it, like a thief in the night. Hold me like a pillow."(Rihanna) Only Girl in the World
29%
"OH, woman, you're a mess, gonna die in your sleep. There's blood on my amp and my Les Paul's beat." (Great White or Ian Hunter) Once Bitten Twice Shy
24%
"Come on, try a little, nothing is forever. There's got to be something better than in the middle." (The Wallflowers) One Headlight
24%
"And I was wondering should I call you. Then I thought maybe you're not alone." (Phil Collins) One More Night
24%
Siam is gonna be the witness to the ultimate test of cerebral fitness." (Murray Head) One Night in Bangkok
24%
"You mentioned the time we were together. So long ago, well, I don't remember. All I know is that it makes me feel good now."(The Motels) Only the Lonely
24%
"I will have you. Yes, I will have you. I will collect you and capture you." (Animotion) Obsession
19%
"I'll have another piece of pie; you know it don't seem right. I saw him at the sawmill yesterday on Choctaw Ridge." (Bobbie Gentry) Ode to Billie Joe
19%
"Who can say when the roads meet? That love might be in your heart?"(Enya) Only Time
19%
"Put on a little Dylan, sitting on a fence."(Hootie and the Blowfish) Only Wanna Be with You
19%
"She's living in L.A with my best old ex-friend Ray. A man she said she knew well and sometimes hated. (Jim Croce) Operator
19%
"Smoking guns, hot to the touch. Would cool down if we didn't use them so much." (Hall and Oates) Out of Touch
19%
"Come on baby, dry your eyes. Wipe your tears " (Human League) Only Human
14%
"I don't worship the ground you walk on. I never have, and that's a fact " (George Strait) Ocean Front Property
10%
"Shadows of a golden age,a generation waits for dawn."(Journey) Only the Young
10%
"Now we're up to talking divorce, and we weren't even married."(Patti LaBelle and Michael McDonald) On My Own
10%
No matching quizzes found
Score Distribution
Percent of People with Each Score
Percentile by Number Answered
Your Score History
You have not taken this quiz